000 00815nam0a2200265 i 4500
001 RU\NLR\BIBL_A\011244744
005 20240921202359.0
010 _a9785906883919
_9100
021 _aRU
_b2016-74766
_94851
035 _a(NLR Aleph) 011244744
090 _a12137085
_c12137085
100 _a20161014d2016 u y0rusy50 ca
101 0 _arus
102 _aRU
105 _ay z 000gy
200 1 _aИгры фортуны
_e(сборник стихов)
_fН.Р. Мельников
210 _aМосква
_cПеро
_d2016
215 _a153 с.
_d21
686 2 _aШ6(2=Р)8-5
700 1 _aМельников
_bН. Р.
_cпоэт
_gНикита Р.
_9150456
_3RU\NLR\AUTH\770150493
942 _cBOOK
980 _aNBR